00363nam a2200109Ia 4500008004100000082001700041100002600058245004700084260003000131300001000161650008200171211119s9999||||xx |||||||||||||| ||und|| a158.1bNOR-K aPeale, Norman Vincent 0aKriyathmaka Chinthakalum Jeevithavijayavum bD c BooksaKottayamc2002 a207.p aphilosophy & psychologyvpsychologyApplied psychologyGeneraliaxGeneral Stack